[Event "Kragero Resort International 2022"]
[Site "Kragero"]
[Date "2022.02.23"]
[Round "2.23"]
[White "Kaasen, Tor Fredrik"]
[Black "Kanyamarala, Trisha"]
[Result "1-0"]
[WhiteElo "2458"]
[BlackElo "2166"]
[Annotator "TA"]
[PlyCount "63"]
[EventDate "2022.02.23"]
[EventType "swiss"]
[EventCountry "NOR"]
[SourceTitle "playchess.com"]
[Source "ChessBase"]
[SourceQuality "1"]

{[%evp 12,63,34,27,31,29,49,18,25,22,27,29,49,22,20,31,29,20,19,23,81,19,22,18,20,7,24,9,35,21,35,38,32,44,99,102,164,167,231,212,289,286,280,278,266,291,1302,1268,1250,638,593,533,5414,4982]} 1. c4 e6 2. Nc3 d5 3. d4 Nf6 4. cxd5 exd5 5. Bg5 Bb4 6. e3 h6 7. Bh4 O-O {D35: Queen's Gambit Declined: Exchange Variation.} 8. Bd3 Nbd7 9. Nge2 Re8 {The position is equal.} 10. O-O {[%cal Oc3d5]} Be7 11. Qc2 c6 {[%cal Of6e4] Inhibits Nb5.} 12. Rae1 Ne4 {White must now prevent ...Nxc3.} 13. Bxe7 ({Much worse is} 13. Nxe4 dxe4 14. Bxe7 exd3 $1 15. Bxd8 dxc2 $17) 13... Qxe7 14. f3 Nxc3 15. Nxc3 {[#]} Qd6 $146 {[#]} (15... Qf6 $11) ({Predecessor:} 15... Qf6 16. Qf2 Nf8 17. e4 dxe4 18. fxe4 Qxf2+ 19. Rxf2 Be6 20. Ref1 f6 21. a4 a6 {1-0 (41) Tsoukkerman,B (1949)-Langhans,J (1955) Germany 2013}) 16. Qd2 (16. Qf2 $1 $16) 16... Nf8 17. Bc2 Be6 18. Rd1 Rad8 19. Qf2 b5 20. e4 dxe4 21. fxe4 {[%cal Bf3e4,Be4e5][%mdl 32]} Bc4 22. Rfe1 b4 {[#]} ({Black should play} 22... Qc7 $14) 23. e5 $1 $16 Qb8 (23... Qc7 $16) (23... Qe7 24. Ne4) 24. Ne4 $18 b3 (24... Re6 {might work better.} 25. b3 (25. Nd6 Rexd6 26. exd6 Qxd6 $16) 25... Bd5) 25. axb3 Bxb3 {[#]} 26. Nf6+ $1 {[%mdl 512]} gxf6 27. Qg3+ Kh8 28. Bxb3 ({Not} 28. Qxb3 Qxb3 29. Bxb3 fxe5 $14) 28... Ne6 $2 (28... Nh7 29. Bxf7 Re7) 29. Qh3 {White is clearly winning.} Kg8 30. exf6 {[%cal Rb3e6]} Qf4 31. Bxe6 fxe6 32. Rf1 {Weighted Error Value: White=0.32/Black=0.22 (precise)} 1-0

[Event "Kragero Resort International 2022"]
[Site "Kragero"]
[Date "2022.02.23"]
[Round "2.24"]
[White "Sorensen, Simen"]
[Black "Injac, Teodora"]
[Result "0-1"]
[WhiteElo "2014"]
[BlackElo "2407"]
[Annotator "TA"]
[PlyCount "104"]
[EventDate "2022.02.23"]
[EventType "swiss"]
[EventCountry "NOR"]
[SourceTitle "playchess.com"]
[Source "ChessBase"]
[SourceQuality "1"]

{[%evp 17,104,0,12,8,-3,-2,16,-10,61,-33,-33,-44,113,101,111,40,62,10,9,0,0,0,0,7,10,0,0,0,0,-94,-102,-112,-108,-122,-127,-185,-177,-186,-173,-243,-209,-363,-391,-616,-623,-614,-614,-652,-639,-618,-508,-882,-909,-963,-719,-964,-758,-704,-682,-947,-933,-841,-614,-29976,-29977,-29973,-1135,-29972,-29975,-29992,-29992,-29993,-5631,-5668,-5339,-29972,-29976,-29979,-29980,-29983,-29984,-29984,-29985,-29985,-29986,-29988,-29989,-29989,-29989]} 1. d4 Nf6 2. c4 e6 3. Nf3 Bb4+ 4. Bd2 a5 5. g3 O-O 6. Bg2 d5 7. Qc2 Nbd7 8. O-O c6 9. Bf4 Be7 10. Nbd2 {E08: Closed Catalan: Main Line: 7 Qc2.} Nh5 11. Be3 f5 {[#]} 12. Ne1 $146 {The position is equal.} ({Predecessor:} 12. Nb3 Nhf6 13. Nc1 Ne4 14. Nd3 Bf6 15. Rac1 Qe7 16. h4 a4 17. Bf4 h6 18. Nfe5 {1-0 (46) Matlakov,M (2674)-Caruana,F (2792) Warsaw 2021}) 12... g5 (12... f4 $11 13. gxf4 Nxf4) 13. f4 (13. Ndf3 $1 $14) 13... Ndf6 $15 14. Ndf3 Ne4 {[#]} (14... gxf4 $15 {keeps the upper hand.} 15. gxf4 dxc4) 15. fxg5 $16 Nxg5 16. cxd5 (16. Nd3 $16) 16... exd5 $14 17. Nxg5 (17. Nd3 $14) 17... Bxg5 $11 18. Qd2 Bxe3+ 19. Qxe3 f4 $1 20. gxf4 Re8 21. Qd2 Qf6 22. e3 Qe7 23. Nc2 (23. Nd3 $11) 23... Bf5 $17 {Black continues to play with concentration.} 24. Rae1 {[%cal Oe3e4]} Nf6 {Prevents e4. Black is more active.} 25. Re2 Kh8 26. e4 (26. Ne1 $17 {keeps fighting.}) 26... Nxe4 $19 27. Qe1 Qf6 28. Kh1 (28. Ne3 {was worth a try.}) 28... Nd6 29. Ne3 (29. Qd1) 29... Bd3 30. Rff2 (30. Ng4 $142 Qxd4 31. Rxe8+ Rxe8 32. Qd1) 30... Bxe2 31. Rxe2 Qxf4 32. h3 Ne4 33. Nf1 {Inhibits Ng3+.} Rf8 34. Re3 (34. Bxe4 $142 Qxf1+ 35. Qxf1 Rxf1+ 36. Kg2) 34... Rae8 35. Rf3 Qh6 36. Nh2 Qg7 {[#] Threatens to win with ...Rxf3.} 37. Rxf8+ Rxf8 38. Nf3 Rg8 {[%csl Gg8][%cal Rg7g2]} 39. Qg1 Qg3 {( -> ...Nf2+)} 40. Qf1 Nf2+ 41. Kg1 Nxh3+ 42. Kh1 Nf4 43. Ne1 Re8 44. Nf3 Qxg2+ (44... Re2 $142 45. Qxe2 Nxe2 46. Ng1 Qe1 47. Kh2 Qxg1+ 48. Kh3 Qf2 49. Kh2 Nf4 50. Kh1 Qxg2#) 45. Qxg2 Nxg2 46. Kxg2 {[%mdl 4096] Endgame KR-KN} Re2+ {Black mates.} 47. Kg3 Rxb2 48. Ne5 Rxa2 49. Kg4 a4 {[%cal Ba5a4,Ba4a3,Ba3a2][%mdl 32]} 50. Kf5 a3 51. Kf6 Rf2+ 52. Ke7 a2 {Weighted Error Value: White=0.74/Black=0.36} 0-1

[Event "Kragero Resort International 2022"]
[Site "Kragero"]
[Date "2022.02.23"]
[Round "2.25"]
[White "Reimanis, Ritvars"]
[Black "Mierins, Emils Janis"]
[Result "1-0"]
[WhiteElo "2397"]
[BlackElo "2025"]
[Annotator "TA"]
[PlyCount "85"]
[EventDate "2022.02.23"]
[EventType "swiss"]
[EventCountry "NOR"]
[SourceTitle "playchess.com"]
[Source "ChessBase"]
[SourceQuality "1"]

{[%evp 20,85,9,6,42,31,37,24,38,19,45,37,29,41,47,46,68,59,64,68,53,45,47,46,46,46,46,47,91,49,95,95,95,95,95,95,95,95,96,95,88,95,82,80,169,169,169,169,644,96,1104,1055,1023,933,5099,5099,5099,5099,5099,5099,3252,2663,1994,1782,1290,1113,2055,1501]} 1. Nf3 Nf6 2. c4 c5 3. Nc3 b6 4. g3 Bb7 5. Bg2 g6 6. O-O Bg7 7. d4 cxd4 8. Nxd4 Bxg2 9. Kxg2 O-O 10. e4 {[%cal Be2e4,Be4e5][%mdl 32]} Qc7 11. Qe2 Qb7 {[%cal Of6e4] A30: Symmetrical English: Double Fianchetto and Hedgehog.} (11... Nc6 $5 {[%cal Rc6d4]} 12. Nc2 Rac8 $11) 12. Rd1 {[#]} Nc6 $146 ({Predecessor:} 12... Re8 13. f3 d6 14. Bg5 Nbd7 15. Rac1 Rac8 16. b3 a6 17. Qd2 Nc5 18. Kg1 Nfd7 19. Be3 {0-1 (69) Sturt,R (2444)-Martin,J (2353) Barcelona 2017}) 13. Nxc6 dxc6 {White has an edge.} 14. e5 c5+ 15. Qf3 (15. f3 {is more complex.} Nd7 16. Bf4 Qc6 17. Rd3 Rfe8 18. e6) 15... Qxf3+ 16. Kxf3 Ne8 17. Bf4 Nc7 18. Nd5 $36 {[%mdl 2048] White is pushing. White is more active.} Nxd5 19. Rxd5 e6 20. Rd2 g5 21. Bxg5 {Hoping for Ke4.} Bxe5 22. Be3 {To avoid Bd4} Rfd8 23. Rad1 Bf6 (23... Rxd2 $14 {feels stronger.} 24. Rxd2 Kf8) 24. Ke4 ({Better is} 24. Rxd8+ $16 Rxd8 25. Rxd8+ Bxd8 26. Bf4) 24... Kf8 (24... Rxd2 $14 25. Rxd2 Kf8) 25. Rxd8+ $16 Rxd8 26. Rxd8+ Bxd8 {[%mdl 4096] Endgame KB-KB} 27. Bh6+ Ke7 {[#]} 28. g4 $1 f6 29. h4 {[%cal Bh2h4,Bh4h5][%mdl 32]} Kf7 30. h5 Bc7 31. f4 {[%cal Bf2f4,Bf4f5][%mdl 32]} a6 (31... Ke7 $16 {was worth a try.}) 32. a4 $18 Ke7 33. b3 a5 $2 (33... Kd7) 34. f5 Kd7 $2 {[%mdl 8192] [#] This costs Black the game.} (34... Bd6 $16) 35. g5 $1 {White is clearly winning.} fxg5 36. Bxg5 Bg3 37. fxe6+ Kxe6 38. Bd8 Be1 39. Bxb6 Bb4 40. Bc7 Bd2 41. Bg3 Bb4 42. Bf2 Ba3 43. Be1 {Weighted Error Value: White=0.05 (flawless) /Black=0.55} 1-0

[Event "Kragero Resort International 2022"]
[Site "Kragero"]
[Date "2022.02.23"]
[Round "2.26"]
[White "Fischer, Daniel"]
[Black "Omtvedt, Aleksander"]
[Result "1-0"]
[WhiteElo "2340"]
[BlackElo "1867"]
[Annotator "TA"]
[PlyCount "23"]
[EventDate "2022.02.23"]
[EventType "swiss"]
[EventCountry "NOR"]
[SourceTitle "playchess.com"]
[Source "ChessBase"]
[SourceQuality "1"]

{[%evp 9,23,14,14,14,47,50,41,40,33,17,142,139,792,797,1016,999]} 1. e4 e5 2. Nf3 Nc6 3. Bc4 Bc5 4. O-O Nf6 5. d3 O-O 6. Nbd2 {[%cal Bb1d2,Bd2e4,Be4c3][%mdl 32] C50: Hungarian Defence and Giuoco Pianissimo.} d5 7. exd5 Nxd5 8. Ne4 {White is slightly better.} Bb6 9. Re1 h6 {[#]} (9... a5 $11) 10. Bxh6 $146 ({Predecessor:} 10. Be3 Nxe3 11. fxe3 Qe7 12. Kh1 Kh8 13. Nc3 Be6 14. Nd5 Qd7 15. Nxb6 axb6 16. Bxe6 Qxe6 {1-0 (76) Niemann,L (1702)-Haubold,S (1800) Playchess.com INT 2020}) 10... f5 $2 {[%mdl 8192]} (10... Be6 $16) 11. Bg5 $18 Qd7 12. Nc3 {Black got outplayed after the opening.  Weighted Error Value: White=0.03 (flawless) /Black=0.67} 1-0

[Event "Kragero Resort International 2022"]
[Site "Kragero"]
[Date "2022.02.23"]
[Round "2.27"]
[White "Unhjem, Bjorn Robert Lovoll"]
[Black "Kenneskog, Theodor"]
[Result "0-1"]
[WhiteElo "1911"]
[BlackElo "2344"]
[Annotator "TA"]
[PlyCount "62"]
[EventDate "2022.02.23"]
[EventType "swiss"]
[EventCountry "NOR"]
[SourceTitle "playchess.com"]
[Source "ChessBase"]
[SourceQuality "1"]

{[%evp 11,62,14,14,-6,0,-10,-26,-26,-36,-24,0,0,0,-10,14,-29,0,-27,10,-213,-216,-224,-222,-170,-143,-259,-227,-241,-249,-220,0,0,0,-208,-120,-256,-206,-314,-318,-357,-355,-323,-323,-312,-289,-370,-373,-446,-421,-706,-605,-616,-513]} 1. e4 c5 2. Nf3 d6 3. d4 cxd4 4. Nxd4 Nf6 5. Nc3 a6 6. Bg5 e6 7. g4 {B95: Sicilian Najdorf: 6 Bg5 e6, unusual White 7th moves.} Be7 8. Qd2 h6 9. Bh4 {[#] Black has an edge.} g5 $146 ({Predecessor:} 9... b5 10. f3 b4 11. Nce2 g6 12. O-O-O e5 13. Nb3 a5 14. Bxf6 Bxf6 15. Qxd6 Qxd6 16. Rxd6 Be6 17. Kb1 Ke7 18. Rb6 {½-½ (18) Tyulenko,Y (2419)-Ellis,L (2356) ICCF email 2018}) 10. Bg3 Nxg4 11. O-O-O Bd7 {[%cal Bc8d7,Bd7c6,Bc6h1][%mdl 32]} 12. Nf3 Bc6 13. Kb1 (13. h4 $142) 13... Nd7 14. Qe2 (14. h4 $5 {[%cal Rh4g5]}) 14... Qc7 15. Nxg5 $2 hxg5 $19 16. Qxg4 f5 $1 17. exf5 Bxh1 18. f6 (18. Bd3 $17 Nf6 19. Qxg5) 18... Nxf6 19. Qxe6 Qc8 20. Qe3 Qc5 ({Black should try} 20... Ng4 $19 21. Qd4 Ne5) 21. Qe6 $11 {[%cal Rg3d6]} Qc8 $2 (21... d5 $11 22. Bd3 Bf3) 22. Qe3 $1 $19 Kf7 ({Better is} 22... Ng4 $19 23. Qd4 Ne5) 23. Bd3 (23. Re1 $17 Qd7 24. f3) 23... Bc6 24. Qxg5 (24. Re1 {keeps fighting.} Qd7 25. Qxg5) 24... Qg4 25. Qa5 Rh5 ({Avoid the trap} 25... Nd5 $2 26. f3 Nxc3+ 27. Qxc3 $19) 26. Qb6 Nd5 27. Qb3 {[#] Hoping for Be2.} Kf8 {And now ...Nxc3+ would win.} 28. f3 Qb4 ({Not} 28... Nxc3+ $2 29. Qxc3 Qg7 30. Qd2 $19) 29. Nxd5 Qxb3 {Black is clearly winning.} 30. Nxe7 (30. axb3 $142 Rxd5 31. Re1) 30... Qf7 ({Worse is} 30... Kxe7 31. axb3 Bxf3 32. Re1+ Kd7 33. Rf1 $15) 31. Bxd6 {[#]} Qxe7 $1 {Weighted Error Value: White=0.49/Black=0.21 (precise)} 0-1

[Event "Kragero Resort International 2022"]
[Site "Kragero"]
[Date "2022.02.23"]
[Round "2.28"]
[White "Elmi, Saad Abobaker"]
[Black "Grave, Jacob Templen"]
[Result "0-1"]
[WhiteElo "2044"]
[BlackElo "2267"]
[Annotator "TA"]
[PlyCount "74"]
[EventDate "2022.02.23"]
[EventType "swiss"]
[EventCountry "NOR"]
[SourceTitle "playchess.com"]
[Source "ChessBase"]
[SourceQuality "1"]

{[%evp 24,74,15,8,36,-7,0,0,0,0,29,-11,0,0,-23,-108,-68,-63,-18,-33,72,69,79,0,0,0,52,0,0,-93,-78,-79,-58,-106,-107,-125,-125,-147,-140,-247,-242,-249,-255,-250,-236,-266,-267,-414,-420,-582,-561,-791,-777]} 1. e4 c6 2. d4 d5 3. Nc3 dxe4 4. Nxe4 Bf5 5. Ng3 Bg6 6. Nf3 Nd7 7. h4 {[%cal Bh2h4,Bh4h5][%mdl 32]} h6 8. h5 Bh7 9. Bd3 Bxd3 10. Qxd3 e6 11. Bd2 Ngf6 12. O-O-O Be7 13. Ne4 Qb6 {B19: Classical Caro-Kann: 4...Bf5 main line.} 14. Bf4 (14. Nxf6+ $14 {is superior.} Nxf6 15. Ne5) 14... Nxe4 $11 15. Qxe4 Nf6 {The position is equal.} 16. Qe2 {[#]} O-O $146 ({Predecessor:} 16... Rd8 17. Qc4 Rd5 18. Ne5 Rb5 19. b3 Ne4 20. Rhe1 Ba3+ 21. Kb1 Nd6 22. Qd3 O-O {1-0 (42) Gazineu Neto,R (1963)-Fedrizzi,R (1978) Campo Grande 2016}) 17. Ne5 {[%cal Oe5g6]} (17. g4 $5 {[%cal Rg4g5]}) 17... Rad8 18. Be3 Nd5 19. Bd2 (19. Rd3 $11) 19... c5 20. c4 Qa6 ({Don't take} 20... cxd4 21. cxd5 Qc5+ 22. Kb1 $16) (20... Nf6 $15 {might be stronger.}) 21. dxc5 $1 {[#]} Nf6 (21... Qxa2 $1 $15 {keeps the upper hand.} 22. Kc2 (22. cxd5 Rxd5 23. Rh3 Rxe5 $17) 22... Qa4+ 23. Kb1 Nf6) 22. Kb1 $16 {[%cal Oc5c6]} Bxc5 23. Bc3 (23. g4 $5 {[%cal Rg4g5]} Bd4 24. g5 Bxe5 25. Qxe5 $16) 23... Nd5 24. Bd2 {[%cal Od2h6] And now Bxh6! would win.} Nf6 25. Bc3 (25. g4 $1 $14 Nh7 26. f4) 25... Nd5 $36 {[%mdl 2048] Black is pushing.} 26. Qf3 (26. Bd2 $1 $11 Bd4 27. f4) 26... Nxc3+ $17 27. Qxc3 Rd6 28. Qc2 (28. g4 $15 {should be considered.}) 28... Rfd8 29. f4 Bd4 {[%cal Bc5d4,Bd4f6,Bf6e5][%mdl 32]} 30. Nf3 {[%cal Be5f3,Bf3d2,Bd2e4][%mdl 32] [#]} Bf6 $1 {aiming for ...Rxd1+.} 31. Rd2 (31. Ne5 $17) 31... Rxd2 $19 32. Nxd2 Qd6 {[%csl LRd2,LRf4]} 33. Ne4 Qxf4 34. a3 Be5 35. Ka2 (35. c5 $142) 35... f5 {[%cal Bf7f5,Bf5e4][%mdl 32]} 36. Re1 fxe4 37. g3 Qd2 {Weighted Error Value: White=0.55/Black=0.15 (very precise)} 0-1

[Event "Kragero Resort International 2022"]
[Site "Kragero"]
[Date "2022.02.24"]
[Round "3.1"]
[White "Vrolijk, Liam"]
[Black "Donchenko, Alexander"]
[Result "1/2-1/2"]
[WhiteElo "2480"]
[BlackElo "2636"]
[Annotator "TA"]
[PlyCount "75"]
[EventDate "2022.02.23"]
[EventType "swiss"]
[EventCountry "NOR"]
[SourceTitle "playchess.com"]
[Source "ChessBase"]
[SourceQuality "1"]

{[%evp 9,75,0,24,16,18,15,29,20,20,32,26,12,67,61,65,58,70,68,66,32,30,42,42,34,48,52,42,31,56,2,5,3,1,10,12,9,49,64,51,43,43,0,0,0,0,3,59,0,0,0,0,0,14,0,0,0,0,0,0,0,0,0,0,0,0,0,0,0]} 1. d4 Nf6 2. c4 e6 3. Nf3 d5 4. g3 Bb4+ 5. Bd2 Bd6 6. Bg2 {E01: Catalan: Early deviations.} O-O 7. O-O Nbd7 8. c5 {White has an edge.} Be7 9. Nc3 Ne4 10. Bf4 {[#]} c6 $146 (10... Nxc3 $1 $11 11. bxc3 b6) ({Predecessor:} 10... Nxc3 11. bxc3 c6 12. Qa4 b5 13. Qc2 a5 14. e4 Nf6 15. e5 Ne4 16. Nd2 Nxd2 17. Qxd2 {½-½ (81) Giri,A (2776)-Caruana,F (2822) Bucharest 2019}) 11. Nxe4 $14 dxe4 12. Ne5 g5 13. Be3 {White is more active.} f5 $1 14. Qb3 (14. Nc4 {is more complex.} b6 15. b4 Ba6 16. Qb3 Kh8 17. Rfe1) 14... Nxe5 15. dxe5 Qc7 16. Qc3 b6 17. Rac1 Ba6 18. Rfe1 Rac8 19. f3 (19. Rcd1 $14) 19... f4 $11 20. Bd4 bxc5 21. Bxc5 Bxc5+ 22. Qxc5 Rf5 23. gxf4 gxf4 24. fxe4 Rxe5 25. Qf2 (25. Qa3 $14 Bb7 26. Kh1) 25... Rg5 26. Kh1 Kh8 27. Bf3 Rcg8 ({Black should play} 27... c5 $11) 28. Rc5 ({Better is} 28. Rg1 $14) 28... e5 {The position is equal.} 29. Rcc1 Bc8 30. Rg1 Bg4 31. Qh4 Bxf3+ 32. exf3 Rxg1+ 33. Rxg1 Rxg1+ 34. Kxg1 {KQ-KQ} Qb6+ 35. Kh1 {Qe7 is the strong threat.} Qxb2 36. Qd8+ Kg7 37. Qe7+ Kg8 38. Qe8+ {Weighted Error Value: White=0.10 (very precise) /Black=0.13 (very precise)} 1/2-1/2

[Event "Kragero Resort International 2022"]
[Site "Kragero"]
[Date "2022.02.24"]
[Round "3.1"]
[White "Engeset, Audun"]
[Black "Skarphedinsson, Ingvar Wu"]
[Result "1-0"]
[WhiteElo "1823"]
[BlackElo "1664"]
[Annotator "NA RC"]
[PlyCount "89"]
[EventDate "2022.02.23"]
[EventType "swiss"]
[EventCountry "NOR"]
[SourceTitle "playchess.com"]
[Source "ChessBase"]
[SourceQuality "1"]
[TimeControl "5400+30"]

{[%evp 8,80,11,0,0,0,14,32767,32767,32767,32767,32767,32767,32767,32767,-35,32767,-53,32767,-47,-7,-23,49,44,49,32,80,28,76,45,88,22,76,66,59,68,74,70,70,77,73,69,81,58,79,66,66,65,73,73,32767,59,63,61,32767,32767,32767,32767,150,93,32767,32767,32767,32767,32767,32767,32767,32767,305,32767,391,507,666,783,513]} 1. e4 {[%emt 0:00:09]} e6 {[%emt 0:00:11]} 2. d4 {[%emt 0:00:20]} d5 {[%emt 0:00:09]} 3. Nc3 {[%emt 0:00:33]} Nf6 {[%emt 0:00:15]} 4. e5 {[%emt 0:00:35]} Nfd7 {[%emt 0:00:09]} 5. f4 {[%emt 0:00:08]} c5 {[%emt 0:00:09]} 6. Nf3 {[%emt 0:00:22]} Nc6 {[%emt 0:00:31]} 7. Be3 {[%emt 0:00:23]} a6 {[%emt 0:00:18]} 8. Qd2 {[%emt 0:02:31]} b5 {[%emt 0:00:46]} 9. Be2 {[%emt 0:02:26]} Qb6 {[%emt 0:01:10]} 10. O-O {[%emt 0:04:26]} Bb7 {[%emt 0:02:01]} 11. dxc5 {[%emt 0:04:26]} (11. Nd1 $11) 11... Bxc5 {[%emt 0:00:21]} 12. Bxc5 {[%emt 0:08:54]} Nxc5 {[%emt 0:01:46]} 13. Qe3 {[%emt 0:03:53]} b4 {[%emt 0:04:41]} (13... Rd8 $5 {[%cal Rd5d4]} 14. Rad1 b4 $15) 14. Nd1 {[%emt 0:01:10]} Na4 {[%emt 0:01:05]} ({Black should try} 14... a5 $11) 15. Qxb6 $1 {[%emt 0:01:18]} Nxb6 {[%emt 0:00:12]} 16. a3 {[%emt 0:03:48]} a5 {[%emt 0:03:57]} 17. axb4 {[%emt 0:00:54]} (17. Bb5 $14) 17... axb4 {[%emt 0:00:11]} (17... Nxb4 $11 {remains equal.} 18. Nd4 Ke7) 18. Rxa8+ {[%emt 0:00:10]} Bxa8 {[%emt 0:00:06]} 19. Ne3 {[%emt 0:02:24]} (19. Bb5 $16) 19... O-O {[%emt 0:02:03]} 20. Ra1 {[%emt 0:03:53]} Bb7 {[%emt 0:01:20]} 21. Bb5 {[%emt 0:01:26]} Ra8 {[%emt 0:04:11]} 22. Rxa8+ {[%emt 0:00:23]} Nxa8 {[%emt 0:01:08]} 23. Bxc6 {[%emt 0:00:25]} Bxc6 {[%emt 0:00:07]} 24. Nd4 {[%emt 0:00:09]} Bd7 {[%emt 0:01:15]} 25. Kf2 {[%emt 0:03:08]} Kf8 {[%emt 0:00:57]} 26. Ke1 {[%emt 0:09:15]} Ke7 {[%emt 0:00:58]} 27. Kd2 {[%emt 0:01:33]} Nc7 {[%emt 0:01:01]} 28. Nd1 {[%emt 0:02:57]} f6 {[%emt 0:02:17]} 29. Nf2 {[%emt 0:02:01]} fxe5 {[%emt 0:02:07]} 30. fxe5 {[%emt 0:00:07]} Na6 {[%emt 0:01:28]} 31. Nd3 {[%emt 0:00:51]} g5 {[%emt 0:01:47]} 32. g3 {[%emt 0:10:05]} Kf7 {[%emt 0:04:25]} 33. Ke3 {[%emt 0:06:07]} (33. b3 $18) 33... h5 {[%emt 0:02:38]} 34. h4 {[%emt 0:05:21]} Kg6 {[%emt 0:03:24]} 35. Kd2 {[%emt 0:04:42]} gxh4 {[%emt 0:02:46]} 36. gxh4 {[%emt 0:00:09]} Kh6 {[%emt 0:01:16]} 37. Ke3 {[%emt 0:00:55]} Bc8 {[%emt 0:01:22]} 38. Nc6 {[%emt 0:02:01]} Bd7 {[%emt 0:03:21]} 39. Ncxb4 {[%emt 0:00:54]} Nxb4 {[%emt 0:00:09]} 40. Nxb4 {[%emt 0:00:08]} Kg6 $18 {[%emt 0:00:07]} 41. Kf4 {[%emt 0:00:19]} Ba4 {[%emt 0:01:17]} 42. b3 {[%emt 0:00:34]} Bb5 {[%emt 0:00:18]} 43. Nd3 {[%emt 0:00:25]} d4 {[%emt 0:02:29]} 44. Nc5 {[%emt 0:02:02]} Bc6 {[%emt 0:01:30]} 45. Nxe6 {[%emt 0:00:20]} 1-0

[Event "Kragero Resort International 2022"]
[Site "Kragero"]
[Date "2022.02.24"]
[Round "3.2"]
[White "Seo, Jung Min"]
[Black "Sanal, Vahap"]
[Result "1/2-1/2"]
[WhiteElo "2466"]
[BlackElo "2601"]
[Annotator "TA"]
[PlyCount "90"]
[EventDate "2022.02.23"]
[EventType "swiss"]
[EventCountry "NOR"]
[SourceTitle "playchess.com"]
[Source "ChessBase"]
[SourceQuality "1"]

{[%evp 17,90,37,35,34,42,19,26,26,20,8,6,0,0,-14,-8,-24,-18,-38,-10,-16,-11,-20,-10,-25,-4,-3,0,-6,-16,-8,0,-48,-68,-85,-86,-83,-72,-76,-59,-70,-64,-62,-62,-164,-166,-254,-240,-228,-217,-335,-314,-268,-185,-345,-327,-327,-318,-364,-352,-324,-308,-610,0,-656,-625,-579,0,0,0,-537,0,0,0,-485,0]} 1. e4 d6 2. d4 Nf6 3. Nc3 e5 4. Nf3 Nbd7 5. Bc4 Be7 6. O-O O-O 7. Re1 c6 8. a4 h6 {Nowadays more popular than 8...b6.} 9. h3 Re8 10. Be3 {C41: Philidor Defence.} exd4 11. Bxd4 Nf8 12. Qd3 {White has an edge.} Be6 {[#]} 13. Bxe6 $146 ({Predecessor:} 13. a5 Qc7 14. Be3 N6d7 15. Ne2 Ne5 16. Nxe5 dxe5 17. Qc3 Bxc4 18. Qxc4 Ne6 19. Red1 {1-0 (58) Van Foreest,L (2532)-Berkes,F (2676) Terme Catez 2021}) 13... Nxe6 14. Be3 Qc7 15. Rad1 Bf8 16. Qc4 a6 17. b4 b5 (17... a5 $5 {[%cal Ra5b4]}) 18. axb5 axb5 19. Qb3 Nd7 20. Nb1 Nb6 21. Nbd2 d5 22. Bxb6 Qxb6 23. exd5 cxd5 24. c3 (24. Ne5 $11) 24... Nf4 $15 25. Nd4 Qg6 {[%csl Gf4,LRg2,LRh3][%cal Rg6g2]} 26. g3 Nxh3+ 27. Kg2 Nf4+ 28. Kg1 Qg4 $1 29. N2f3 Bd6 {Prevents Ne5. White must now prevent ...Nh3+.} 30. Qc2 (30. Rxe8+ $1 $15 Rxe8 31. Qc2) 30... Re4 $1 $19 {[%cal Og4h3] Threatens to win with ...Qh3!} 31. Rxe4 (31. Nh2 $142 Qg6 32. Kf1 (32. Rxe4 $2 dxe4 33. Nf1 Be5 $19)) 31... dxe4 $40 {[%mdl 128] Black goes for the king.} (31... Nh3+ 32. Kg2 dxe4 33. Nh2 $15) 32. Nh2 Qg6 {Strongly threatening ...h5.} 33. Nxb5 (33. Nf1 $142) 33... Be5 $1 34. Nd4 Nd3 35. Nhf3 $2 {[#]} (35. Qe2 {keeps fighting.}) 35... Bxg3 $1 {[%mdl 512]} 36. fxg3 exf3 (36... Qxg3+ 37. Qg2 Qxg2+ 38. Kxg2 exf3+ 39. Kxf3 Ne5+ 40. Ke4 $11) 37. Nxf3 Qxg3+ 38. Qg2 Qf4 {Hoping for ...Qe3+.} 39. Ne1 $2 (39. Rxd3 Ra1+ 40. Kf2 Ra2+ 41. Kg1 Rxg2+ 42. Kxg2 Qe4 43. Rd8+ Kh7 $19) (39. Qe2 Nc1 40. Qf1) 39... Qe3+ $2 ({Better is} 39... Ra6 $1 $19 40. Nxd3 Qf5) 40. Kh2 $2 {[%mdl 8192]} (40. Kf1 $11 Rd8 41. Qf3 Qxf3+ 42. Nxf3) 40... Qe5+ $1 (40... Nxe1 41. Qxa8+ Kh7 42. Qd5 Qf4+ 43. Kh1 $11 (43. Kg1 Nf3+ 44. Kg2 Nh4+ 45. Kg1 Nf5 $11)) 41. Kg1 Qe3+ $2 ({Not} 41... Nxe1 42. Qxa8+ Kh7 43. Qd5 $18) (41... Ra6 $1 $19 42. Nxd3 Qh5) 42. Kh2 $11 Qe5+ $2 {[%mdl 8192]} (42... Nxe1 $11 43. Qxa8+ Kh7) 43. Kg1 $19 {[#]} Qe3+ $2 ({Don't take} 43... Nxe1 44. Qxa8+ Kh7 45. Qd5 $18) (43... Ra6 $1 $19 44. Nxd3 Qh5) 44. Kh2 $11 Qf4+ $2 {[%mdl 8192]} (44... Rd8 $11) 45. Kg1 $19 {[#] The board is on fire.} Qe3+ $2 {Weighted Error Value: White=0.59/Black=0.49} (45... Ra6 $1 $19 46. Nxd3 Qf5) 1/2-1/2